000 00592nam a22001697a 4500
003 OSt
005 20250812065407.0
008 240627b |||||||| |||| 00| 0 eng d
020 _a9789719246640
040 _aDWCL- Main Lib.
_cOC
082 _aFil. 351.4 G646 2019
245 _aGood governance the capital market and the finance function:
_bconcepts/issues/cases/
260 _aPhilippines :
_bFINEX Research and Development Foundation Inc.,c[2019]
_cc[2019].
300 _a198 pages :
_billustrations ;
_c23 cm.
650 _a1. Politics and Governance.
942 _2ddc
_cBK - FIL
_kFil.
_n0
999 _c1499
_d1499